The usable past : Greek metahistories

Αποθηκεύτηκε σε:
Λεπτομέρειες βιβλιογραφικής εγγραφής
Άλλοι συγγραφείς: Brown, Keith S. (Επιμελητής έκδοσης), Hamilakis, Yannis, 1966- (Επιμελητής έκδοσης)
Μορφή: Βιβλίο
Γλώσσα:English
Δημοσίευση: Lanham : Lexington Books, 2003
Σειρά:Greek studies
Θέματα:
Ετικέτες: Προσθήκη ετικέτας
Δεν υπάρχουν, Καταχωρήστε ετικέτα πρώτοι!

MARC

LEADER 00000cam a2200000 i 4500
001 1/45501
008 031127s2003 eng d
020 |a 0-7391-0384-9 
035 |l 10071734 
040 |a GR-MY-UA  |b gre  |e aacr 
041 0 |a eng 
082 0 |a 938.0072  |2 (21) 
245 1 4 |a The usable past :  |b Greek metahistories /  |c edited by Keith S. Brown and Yannis Hamilakis 
260 |a Lanham :   |b Lexington Books,   |c 2003 
300 |a 239 σ.;  |b εικ., χαρτ.;  |c 23 εκ. 
490 1 |a Greek studies 
504 |a Περιέχει βιβλιογραφία και ευρετήριο 
650 0 0 |a Historiography  |z Greece  |x History  |y 20th century. 
650 0 0 |a Ethnocentrism  |z Greece  |x History  |y 20th century. 
651 0 |a Greece  |x Historiography. 
700 1 |a Brown, Keith S.  |4 edt 
700 1 |a Hamilakis, Yannis,   |d 1966-  |4 edt 
830 0 |a Greek studies 
852 |a INST  |b LESVOS  |e 20040701  |h 938.0072 USA  |p 005100030473  |q 005100030473  |t BK  |y 0 
852 |a INST  |b LESVOS  |e 20060303  |h 938.0072 USA  |p 005100034674  |q 005100034674  |t BK  |y 0 
852 |a INST  |b RHODES  |e 20031127  |h 938.0072 USA  |p 005400019928  |q 005400019928  |t BK  |y 0 
901 |a BIBL4-2003-3 
901 |a BIBL1-2004-2 
901 |a BIBL1-2006-1 
909 |a Ρ  |b 104982 
909 |a Λ  |b 111784 
909 |a Λ  |b 126041 
920 |a ΤΑΚΤΙΚΟΣ ΚΟΙΝΩΝΙΚΗΣ ΑΝΘΡΩΠΟΛΟΓΙΑΣ ΚΑΙ ΙΣΤΟΡΙΑΣ  |y ΛΕΣΒΟΣ  |z 2004-05 
920 |a ΧΑΜΗΛΑΚΗΣ  |b ΓΙΑΝΝΗΣ  |y ΛΕΣΒΟΣ  |z 2004-05 
970 |a ΚΟΥΛΑΚΙΟΤΗ  |b ΛΙΤΣΑ  |z 2003/11/27